Integraľnaja regressija i korneľacija : Statističeskoje modelirovanije riadov dinamiky

Gespeichert in:
Bibliographische Detailangaben
1. Verfasser: Venseľ, Vello Voldemerovič (Verfasst von)
Format: Buch
Sprache:Russisch
Veröffentlicht: Moskva : Finansy i statistika, 1983
Ausgabe:1. vyd.
Tags: Tag hinzufügen
Keine Tags, Fügen Sie das erste Tag hinzu!

MARC

LEADER 00000nam a22000003a 4500
001 stu87230
005 20150617225857.0
008 040527s1983------------------------rus-d
040 |a STU  |b slo 
041 0 |a rus 
080 |a 519.24 
100 1 |a Venseľ, Vello Voldemerovič  |4 aut 
245 1 |a Integraľnaja regressija i korneľacija :  |b Statističeskoje modelirovanije riadov dinamiky 
250 |a 1. vyd. 
260 |a Moskva :  |b Finansy i statistika,  |c 1983 
300 |a 221 s 
996 |b E55411  |c E*55411  |l EE03  |s P  |a 0  |w stu87230_0001 
996 |b E55412  |c E*55412  |l EE03  |s P  |a 0  |w stu87230_0002